=LDR 00000nam 2200000 4500 =001 INLIS000000000001394 =005 20200514103712 =035 ##$$a 0010-061300000001394 =008 200514################g##########0#ind## =041 ##$$a Ind =082 ##$$a 638.572 6 =090 ##$$a 638.572 6, Pai-m =100 ##$$a PAIMIN, Ferry B =245 1#$$a Mengatasi permasalahan beternak jengkrik /$c Ferry B. Paimin =260 ##$$a Jakarta :$b Swadaya,$c 1999 =300 ##$$a ix, 86 hlm, : $b ilus, ; $c 21x15 cm =650 #4$$a Ternak Jengkrik =850 ##$$a NBPNMAT =020 ##$$a 979-489-514-8 =084 ##$$a 638.572 6 PAI m =990 ##$$a 154.357 =990 ##$$a 154.358 =990 ##$$a 154.358 =990 ##$$a 154.360/Pro.2000 =990 ##$$a 11.371/Pb.98 =990 ##$$a 154.560/Pro.2000 =990 ##$$a 154.357 =990 ##$$a 154.358 =990 ##$$a 154.358 =990 ##$$a 11.371/Pb.98 =990 ##$$a 154.358 =990 ##$$a 154.357 =990 ##$$a 154.358 =990 ##$$a 154.560/Pro.2000 =990 ##$$a 11.371/Pb.98